| 000 | 01065 a2200325 4500 | ||
|---|---|---|---|
| 001 | 200001010 | ||
| 003 | TR-AnTOB | ||
| 005 | 20240523114336.0 | ||
| 008 | 100606s2007 tu 000 0 | ||
| 022 | _a97813025678 | ||
| 040 |
_aTR-AnTOB _beng _cTR-AnTOB _erda |
||
| 041 | 0 | _atur | |
| 050 | 1 | 4 | _aJN98 |
| 090 |
_aJN98 _b.A95 2007 |
||
| 245 | 0 | 0 |
_aAvrasya dosyası : _bKaradeniz'in yeni jeopolitiği / _cASAM. |
| 264 | 1 |
_aAnkara : _bASAM, _c2007. |
|
| 300 |
_a309 pages ; _c24 cm |
||
| 336 |
_2rdacontent _atext _btxt |
||
| 337 |
_2rdamedia _aunmediated _bn |
||
| 338 |
_2rdacarrier _avolume _bnc |
||
| 500 | _a"Cilt 13 - Sayı 1 2007" | ||
| 590 | _aSn. Yılmaz Aklar tarafından bağışlanmıştır. | ||
| 650 |
_aGeopolitics _zBlack Sea Region _959756 |
||
| 650 |
_aJeopolitik _zKaradeniz Bölgesi _959757 |
||
| 651 |
_98133 _aTürkiye _xDış ilişkiler _zBüyük Britanya |
||
| 651 |
_98132 _aTurkey _xForeign relations _zGreat Britain |
||
| 710 | 2 |
_aAvrasya Stratejik Araştırmalar Merkezi (Türkiye) _926957 |
|
| 942 |
_cBK _2lcc |
||
| 999 |
_c200001010 _d28280 |
||